Szczegóły MARC21

Analysis of capital markets and financial management : conference proceedings 1 International Conference "Financial Manageme t-Contemporary Tendencies in Theory and Practice" Kołobrzeg, Poland, 2-4 March 2000 /

005 -DATA I CZAS OSTATNIEJ MODYFIKACJI [,]
    • @
    • pole kontrolne
    • 20070315155141.9
020 -Międzynarod. znormalizowany nr książki - ISBN [ , ]
    • a
    • Numer ISBN
    • 8372410771 Find
040 -Instytucja sporządzająca opis [ , ]
    • a
    • Instytucja, która sporządziła opis (NP)
    • SZCZ U
    • c
    • Instytucja, która sporządziła rekord (NP)
    • SZCZ U
041 -Język dokumentu [0, ]
    • a
    • Język tekstu (P)
    • angielski
    • h
    • Język tekstu oryginalnego i/lub pośredniego (P)
    • angielski
942 -Rodzaj dokumentu [ , ]
    • c
    • Rodzaj dokumentu
    • Książka
245 -Strefa tytułu i oznaczenia odpowiedzialności [0, ]
    • a
    • Tytuł
    • Analysis of capital markets and financial management : Find
    • b
    • Ciąg dalszy tytułu (NP)
    • conference proceedings 1 International Conference "Financial Manageme t-Contemporary Tendencies in Theory and Practice" Kołobrzeg, Poland, 2-4 March 2000 / Find
    • c
    • Pozostałe elementy strefy tytułu i oznaczenia odpowiedzialności (NP)
    • ed. Dariusz Zarzecki ; University of Szczecin. Faculty of Economy andManagement.
260 -Strefa adresu wydawniczego [ , ]
    • a
    • Miejsce wydania (P)
    • Szczecin :
    • b
    • Nazwa wydawcy (P)
    • Wydaw.Nauk.US,
    • c
    • Data wydania (P)
    • 2000.
300 -Strefa opisu fizycznego [ , ]
    • a
    • Określenie formy książki i/lub objętość (NP)
    • 280 s :
    • b
    • Oznaczenie ilustracji (NP)
    • wykr. :
    • c
    • Format (NP)
    • 25 cm.
500 -Uwaga ogólna [ , ]
    • a
    • Uwaga ogólna (NP)
    • Bibliogr. Streszcz. Summ
080 -Uniwersalna Klasyfikacja Dziesiętna [ , ]
    • a
    • Symbol klasyfikacji
    • 336.76(061)=20
980 -Symbol UKD [ , ]
    • a
    • UKD
    • 336.76(061)=20
700 -Hasło dodatkowe - nazwa osobowa [ , ]
    • a
    • Nazwa osobowa (NP)
    • Zarzecki Dariusz Find
920 -ISBN [ , ]
    • a
    • ISBN
    • 83-7241-077-1 Find
Numer inwentarzowy Status udost. Data inwentaryzacji Lokalizacja
S.88801-32001-12-11BE